Sports Quiz

Random Sports or Baseball Quiz

Quick Pick - MLB Nickname Weekend 2017: Giants Quiz Stats

 Plays Quiz not verified by Sporcle

Score 0/22 Timer 01:30
0 Plays Today
% Correct
Hunter Strickland
89.1%
Brandon Crawford
87%
Buster Posey
87%
Bruce Bochy
84.8%
Pablo Sandoval
82.6%
Madison Bumgarner
78.3%
Chris Stratton
78.3%
Ryder Jones
76.1%
Jarrett Parker
76.1%
Kyle Crick
71.7%
Matt Moore
71.7%
% Correct
Carlos Moncrief
67.4%
Denard Span
67.4%
Jeff Samardzija
65.2%
Nick Hundley
60.9%
Kelby Tomlinson
56.5%
Matt Cain
47.8%
Hunter Pence
43.5%
Gorkys Hernandez
39.1%
Ty Blach
30.4%
Sam Dyson
28.3%
Mark Melancon
28.3%

You're not logged in!

Compare scores with friends on all Sporcle quizzes.
OR
Log In

Sporcle TV

Today on Sporcle TV


Watch our educational content, quiz creation guides, and fun videos on Sporcle TV.

Show Comments

Extras

Top Quizzes Today


Score Distribution

Your Account Isn't Verified!

In order to create a playlist on Sporcle, you need to verify the email address you used during registration. Go to your Sporcle Settings to finish the process.

Report this User

Report this user for behavior that violates our Community Guidelines.

Details: